[Event "CCT Play-in Chessable Masters 2024"]
[Site "Online"]
[Date "2024.01.31"]
[Round "9"]
[White "Ohanyan, Emin"]
[Black "Gledura, Benjamin"]
[Result "1/2-1/2"]
[WhiteElo "2456"]
[BlackElo "2633"]
[Annotator "RC"]
[PlyCount "118"]
[EventDate "2024.01.26"]
[EventType "swiss"]
[EventCountry "NET"]
[SourceTitle "playchess.com"]
[Source "ChessBase"]
[SourceQuality "1"]

1. d4 Nf6 2. c4 e6 3. Nf3 d5 4. Nc3 Nbd7 5. Qc2 c6 6. e4 dxe4 7. Nxe4 Nxe4 8. Qxe4 c5 9. Bd2 Nf6 10. Qd3 Qb6 11. Qb3 Qc7 12. Be2 Bd6 13. dxc5 Bxc5 14. O-O O-O 15. Be3 b6 16. Bxc5 Qxc5 17. Qc3 Bb7 18. Qe5 Qe7 19. Rfd1 Rfd8 20. h3 Ne4 21. Bd3 f6 22. Qf4 Nc5 23. Be2 e5 24. Qe3 Ne6 25. a3 Nf4 26. Bf1 Qf7 27. Ne1 Ne6 28. b4 Nd4 29. Rac1 Rac8 30. Nc2 Nf5 31. Qc3 h5 32. Rxd8+ Rxd8 33. c5 bxc5 34. bxc5 Kh8 35. c6 Ba8 36. Ne3 Nd4 37. c7 Rc8 38. Kh1 Ne6 39. Qb4 Rxc7 40. Qb8+ Kh7 41. Rxc7 Nxc7 42. Qxa7 Be4 43. a4 Qd7 44. Kg1 Qd6 45. a5 Ne6 46. Qa6 Qd7 47. Qb5 Qc7 48. Qb4 Nd4 49. a6 Qc1 50. Kh2 Qa1 51. Qe7 Nf5 52. Nxf5 Bxf5 53. Bb5 Qd4 54. a7 Qf4+ 55. Kg1 Qc1+ 56. Bf1 Be4 57. Qd8 Qa1 58. Qb8 h4 59. f3 Bd5 1/2-1/2

[Event "CCT Play-in Chessable Masters 2024"]
[Site "Online"]
[Date "2024.01.31"]
[Round "9"]
[White "kpio91"]
[Black "Malakhov, Vladimir"]
[Result "1/2-1/2"]
[WhiteElo "2413"]
[BlackElo "2648"]
[Annotator "NA"]
[PlyCount "74"]
[EventDate "2024.01.26"]
[EventType "swiss"]
[EventCountry "NET"]
[SourceTitle "playchess.com"]
[Source "ChessBase"]
[SourceQuality "1"]

1. e4 e5 2. Nf3 Nc6 3. Bb5 Nf6 4. Bxc6 dxc6 5. d3 Bc5 6. Nbd2 Be6 7. Nb3 Bd6 8. Na5 Bb4+ 9. Bd2 Bxa5 10. Bxa5 Bg4 11. h3 Bxf3 12. Qxf3 Qe7 13. Bc3 O-O-O 14. Qg3 Nd7 15. f4 f6 16. O-O exf4 17. Qxf4 b6 18. a4 a5 19. Kh1 Rhe8 20. Rae1 c5 21. b3 h6 22. Re3 Ne5 23. Rg3 Rd7 24. Qe3 Qd6 25. Rf5 Kb8 26. Qf2 Nc6 27. Re3 Qe6 28. Bxf6 Rf7 29. Bg5 Ref8 30. Ref3 Rxf5 31. exf5 Qe5 32. Be3 Rf6 33. Rf4 Qa1+ 34. Kh2 Qe5 35. Kg1 Qa1+ 36. Qf1 Qe5 37. Qf3 Qc3 1/2-1/2

[Event "CCT Play-in Chessable Masters 2024"]
[Site "Online"]
[Date "2024.01.31"]
[Round "9"]
[White "Elsa167"]
[Black "messiboca"]
[Result "0-1"]
[WhiteElo "2342"]
[BlackElo "2525"]
[Annotator "NA"]
[PlyCount "40"]
[EventDate "2024.01.26"]
[EventType "swiss"]
[EventCountry "NET"]
[SourceTitle "playchess.com"]
[Source "ChessBase"]
[SourceQuality "1"]

1. e4 c5 2. Nc3 Nc6 3. f4 g6 4. Nf3 Bg7 5. g3 e6 6. Bg2 Nge7 7. O-O d5 8. d3 b6 9. Kh1 Bb7 10. e5 h5 11. Nb5 Nf5 12. Nh4 Bf8 13. Nxf5 gxf5 14. c4 d4 15. b4 a6 16. bxc5 Bxc5 17. Nd6+ Bxd6 18. exd6 h4 19. g4 h3 20. Bf3 fxg4 0-1

[Event "CCT Play-in Chessable Masters 2024"]
[Site "Online"]
[Date "2024.01.31"]
[Round "9"]
[White "Janosik, Gyorgy"]
[Black "GMKrikor"]
[Result "1/2-1/2"]
[WhiteElo "2235"]
[BlackElo "2522"]
[Annotator "RC"]
[PlyCount "149"]
[EventDate "2024.01.26"]
[EventType "swiss"]
[EventCountry "NET"]
[SourceTitle "playchess.com"]
[Source "ChessBase"]
[SourceQuality "1"]

1. d4 Nf6 2. c4 g6 3. Bg5 Bg7 4. Nc3 d5 5. Bxf6 Bxf6 6. cxd5 c6 7. e3 cxd5 8. Qb3 e6 9. Nf3 O-O 10. Bd3 Nc6 11. O-O Bd7 12. Rfc1 Rb8 13. Na4 Na5 14. Qd1 b6 15. Nc3 b5 16. Ne5 Bxe5 17. dxe5 Qb6 18. Qg4 Rb7 19. e4 b4 20. Ne2 dxe4 21. Bxe4 Rc7 22. h4 Rfc8 23. Qg5 Rxc1+ 24. Rxc1 Rxc1+ 25. Nxc1 Bc6 26. Bd3 Qd4 27. b3 Be8 28. h5 Nc6 29. Bb5 Qd1+ 30. Kh2 Qxh5+ 31. Qxh5 gxh5 32. Kg3 Kf8 33. f4 Nd4 34. Bd3 h6 35. Be4 Bb5 36. Kh4 Ne2 37. Bd3 Nxc1 38. Bxb5 Nxa2 39. Kxh5 Kg7 40. g4 Nc3 41. Bc4 a5 42. f5 a4 43. bxa4 Nxa4 44. fxe6 fxe6 45. Bxe6 Nc5 46. Bc4 Ne4 47. Ba2 Ng5 48. Bd5 Nh7 49. Bb3 Ng5 50. Bd5 Nh7 51. Kh4 Ng5 52. Kg3 Kf8 53. Kf4 Ke7 54. Kf5 Nh3 55. Bb3 Nf2 56. Bc2 Nh3 57. Bb3 Nf2 58. Bc4 Nh3 59. Kg6 Nf2 60. Kf5 Nh3 61. e6 Nf2 62. Bb3 Nd3 63. Kg6 Nc5 64. Bc4 b3 65. Kxh6 b2 66. Ba2 Nxe6 67. g5 Nxg5 68. Kxg5 Kd6 69. Bb1 Kc5 70. Kf4 Kd4 71. Kf3 Kc3 72. Ke2 Kb3 73. Kd2 Ka3 74. Kc2 Ka4 75. Kxb2 1/2-1/2